The elements of equity / (Record no. 1462)
[ view plain ]
| 000 -LEADER | |
|---|---|
| fixed length control field | 00548cam a2200205 a 4500 |
| 001 - CONTROL NUMBER | |
| control field | 15288 |
| 003 - CONTROL NUMBER IDENTIFIER | |
| control field | BD-DhUAP |
| 005 - DATE AND TIME OF LATEST TRANSACTION | |
| control field | 20200208105622.0 |
| 008 - FIXED-LENGTH DATA ELEMENTS--GENERAL INFORMATION | |
| fixed length control field | 200208s2010 ii 000 0 eng |
| 040 ## - CATALOGING SOURCE | |
| Original cataloging agency | DLC |
| Transcribing agency | DLC |
| Modifying agency | BD-DhUAP |
| Language of cataloging | Eng |
| 082 ## - DEWEY DECIMAL CLASSIFICATION NUMBER | |
| Edition number | 23 |
| Classification number | 346.54059 JHA |
| 100 1# - MAIN ENTRY--PERSONAL NAME | |
| Personal name | Jhabvala, Noshirvan H. |
| 245 10 - TITLE STATEMENT | |
| Title | The elements of equity / |
| Statement of responsibility, etc. | Noshirvan H. Jhabvala. |
| 250 ## - EDITION STATEMENT | |
| Edition statement | 17th ed. |
| 260 ## - PUBLICATION, DISTRIBUTION, ETC. | |
| Place of publication, distribution, etc. | Bombay : |
| Name of publisher, distributor, etc. | C. Jamnadas & co., |
| Date of publication, distribution, etc. | c2010. |
| 300 ## - PHYSICAL DESCRIPTION | |
| Extent | 151 pages ; |
| Dimensions | 22 cm. |
| 650 ## - SUBJECT ADDED ENTRY--TOPICAL TERM | |
| Topical term or geographic name entry element | Equity. |
| 700 ## - ADDED ENTRY--PERSONAL NAME | |
| Personal name | Singh, Indrajeet. |
| 942 ## - ADDED ENTRY ELEMENTS (KOHA) | |
| Source of classification or shelving scheme | |
| Koha item type | Book |
| Withdrawn status | Lost status | Source of classification or shelving scheme | Damaged status | Not for loan | Permanent Location | Current Location | Shelving location | Date acquired | Full call number | Barcode | Date last seen | Copy number | Price effective from | Koha item type | Total Checkouts | Date last checked out | Total Renewals |
|---|---|---|---|---|---|---|---|---|---|---|---|---|---|---|---|---|---|
| UAP Central Library | UAP Central Library | General Stacks | 2020-02-08 | 346.54059 JHA | 3010015288 | 2020-02-08 | 1 | 2020-02-08 | Book | ||||||||
| UAP Central Library | UAP Central Library | General Stacks | 2020-02-08 | 346.54059 JHA | 3010014429 | 2020-02-08 | 2 | 2020-02-08 | Book | ||||||||
| UAP Central Library | UAP Central Library | General Stacks | 2020-02-08 | 346.54059 JHA | 3010015290 | 2020-02-08 | 3 | 2020-02-08 | Book | ||||||||
| UAP Central Library | UAP Central Library | General Stacks | 2020-02-08 | 346.54059 JHA | 3010015291 | 2023-08-28 | 4 | 2020-02-08 | Book | 1 | 2023-08-20 | ||||||
| UAP Central Library | UAP Central Library | General Stacks | 2020-02-08 | 346.54059 JHA | 3010014433 | 2020-02-08 | 5 | 2020-02-08 | Book | ||||||||
| UAP Central Library | UAP Central Library | General Stacks | 2020-02-08 | 346.54059 JHA | 3010014432 | 2025-11-19 | 6 | 2020-02-08 | Book | 1 | 2025-09-18 | ||||||
| UAP Central Library | UAP Central Library | General Stacks | 2020-02-08 | 346.54059 JHA | 3010014431 | 2026-06-02 | 7 | 2020-02-08 | Book | 1 | 2025-12-06 | 1 | |||||
| UAP Central Library | UAP Central Library | General Stacks | 2020-02-08 | 346.54059 JHA | 3010014430 | 2023-03-30 | 8 | 2020-02-08 | Book | 1 | 2022-07-19 | ||||||
| UAP Central Library | UAP Central Library | General Stacks | 2020-02-08 | 346.54059 JHA | 3010015270 | 2024-03-11 | 9 | 2020-02-08 | Book | 2 | 2023-10-12 | ||||||
| UAP Central Library | UAP Central Library | General Stacks | 2020-02-08 | 346.54059 JHA | 3010015289 | 2023-11-07 | 10 | 2020-02-08 | Book | 1 | 2023-09-05 | 2 |
Bengali Keyboard